| 000 | 00847nam a2200265 i 4500 | ||
|---|---|---|---|
| 001 | 22592 | ||
| 003 | ES-MaACL | ||
| 005 | 20251011063052.0 | ||
| 007 | t| | ||
| 008 | 021203s1979 sp |||| | spa d | ||
| 020 | _a84-85244-05-2 | ||
| 080 | _a378.014(460)"17" | ||
| 100 | 1 |
_aÁlvarez de Morales, Antonio, _d1942- _9162384 |
|
| 245 | 1 | 3 |
_aLa Ilustración y la reforma de la universidad en la España del siglo XVIII / _cAntonio Álvarez de Morales. |
| 250 | _a2ª ed. aum. | ||
| 260 |
_aMadrid : _bPegaso : _bNova, _c1979. |
||
| 300 |
_a321 p. ; _c22 cm. |
||
| 490 | 1 | _aHistoria y política | |
| 500 | _aÍndice. | ||
| 504 | _aBibliografía: p. 306-313. | ||
| 650 | 4 |
_aEnseñanza superior- _zEspaña- _yS.XVIII. _9162385 |
|
| 830 | 0 |
_aHistoria y política _9228999 |
|
| 852 |
_aES-MaACL _jL-5283 |
||
| 999 |
_c22592 _d22592 |
||